Houston Rockets Leading Rebounder per year - Statistics

General Stats
  • This quiz has been taken 43 times
    35 since last reset
  • The average score is 39 of 58
Answer Stats
Year Player % Correct
2001 Hakeem Olajuwon
100%
1996 Hakeem Olajuwon
100%
1995 Hakeem Olajuwon
100%
1994 Hakeem Olajuwon
100%
1993 Hakeem Olajuwon
100%
1992 Hakeem Olajuwon
100%
1991 Hakeem Olajuwon
100%
1990 Hakeem Olajuwon
100%
1989 Hakeem Olajuwon
100%
1988 Hakeem Olajuwon
100%
1987 Hakeem Olajuwon
100%
1986 Hakeem Olajuwon
100%
1985 Hakeem Olajuwon
100%
2009 Yao Ming
100%
2008 Yao Ming
100%
2007 Yao Ming
100%
2006 Yao Ming
100%
2005 Yao Ming
100%
2004 Yao Ming
100%
2003 Yao Ming
100%
2020 Clint Capela
86%
2019 Clint Capela
86%
2018 Clint Capela
86%
2017 Clint Capela
86%
2024 Alperen Sengun
77%
2016 Dwight Howard
77%
2015 Dwight Howard
77%
2014 Dwight Howard
77%
2000 Charles Barkley
73%
1999 Charles Barkley
73%
1998 Charles Barkley
73%
1997 Charles Barkley
73%
1982 Moses Malone
68%
1981 Moses Malone
68%
1980 Moses Malone
68%
1979 Moses Malone
68%
1978 Moses Malone
68%
1977 Moses Malone
68%
1984 Ralph Sampson
68%
2017 James Harden
64%
1972 Elvin Hayes
50%
1971 Elvin Hayes
50%
1970 Elvin Hayes
50%
1969 Elvin Hayes
50%
2023 Jabari Smith Jr.
50%
1973 Rudy Tomjanovich
41%
1983 Caldwell Jones
32%
2011 Luis Scola
27%
2010 Luis Scola
27%
2022 Christian Wood
23%
2021 Christian Wood
23%
2013 Ömer Aşık
18%
2012 Marcus Camby
14%
2002 Kenny Thomas
0%
1976 Kevin Kunnert
0%
1975 Kevin Kunnert
0%
1968 Toby Kimball
0%
1974 Zaid Abdul-Aziz
0%
No matching quizzes found
Score Distribution
Percent of People with Each Score
Percentile by Number Answered
Your Score History
You have not taken this quiz since the last reset